Drapeaux Europe - Statistiques

Statistiques générales
  • Ce quiz a été pris 19 fois
  • Le résultat moyen est 47 sur 58
Statistiques - réponses
Par images Réponse % Correct
Allemagne
100%
Andorre
100%
Finlande
100%
Pologne
100%
Angleterre
91%
Belgique
91%
Croatie
91%
Espagne
91%
Estonie
91%
France
91%
Kosovo
91%
Macédoine du Nord
91%
Malte
91%
Monaco
91%
République Tchèque
91%
Roumanie
91%
Royaume-Uni
91%
Saint-Marin
91%
Serbie
91%
Slovaquie
91%
Turquie
91%
Albanie
82%
Autriche
82%
Biélorussie
82%
Bosnie
82%
Bulgarie
82%
Danemark
82%
Écosse
82%
Grèce
82%
Hongrie
82%
Irlande
82%
Islande
82%
Italie
82%
Lettonie
82%
Liechtenstein
82%
Lituanie
82%
Luxembourg
82%
Moldavie
82%
Monténégro
82%
Norvège
82%
Pays-Bas
82%
Portugal
82%
Russie
82%
Slovénie
82%
Suède
82%
Suisse
82%
Ukraine
82%
Vatican
82%
Îles Féroé
64%
Aland
55%
Gibraltar
55%
Groënland
55%
Île de Man
55%
Irlande du Nord
55%
Jersey
55%
Pays de Galles
55%
Guernesey
36%
Transnistrie
27%
Aucun quiz correspondant
Distribution des résultats
% des personnes avec chaque résultat
Percentile par nombre de réponses
Votre historique - résultats
Vous n’avez pas pris ce quiz